|
|
|
|
| LEADER |
00000nab a2200000 a 4500 |
| 001 |
vtls000771003 |
| 003 |
SK-MaSNL |
| 005 |
20260304113714.0 |
| 008 |
250429c2001 xo 0 slo |
| 015 |
|
|
|a SNBRB2001/10-29517
|
| 035 |
|
|
|a CLN000122790
|
| 035 |
|
|
|a urn:nbn:sk:snk-abdqjn
|
| 035 |
|
|
|a (urnnbn)urn:nbn:sk:snk:ar-000xly
|
| 035 |
|
|
|a (uuid)a5206786-98c5-4784-beea-2ff0e7e6dfe3
|
| 040 |
|
|
|a SNKBUCL
|b slo
|c SNKBUCL
|e AACR2
|
| 041 |
0 |
|
|a slo
|
| 044 |
|
|
|a xo
|c SK
|
| 080 |
|
|
|a 792.8
|2 1997
|
| 080 |
|
|
|a 793.32
|2 1997
|
| 100 |
1 |
|
|a Pašuthová, Zdenka,
|d 1976-
|4 aut
|9 194147
|
| 245 |
1 |
0 |
|a Šero
|c Zdenka Marková
|
| 500 |
|
|
|a Réžia a choreografia Pavol Danko
|
| 610 |
|
7 |
|a ATak (tanečné divadlo : Bratislava, Slovensko)
|2 snkbucl
|9 855635
|
| 630 |
0 |
7 |
|a Šero (tanečný projekt)
|2 snkbucl
|9 1417377
|
| 655 |
|
7 |
|a články z novín a časopisov
|2 snkbucl
|9 267496
|
| 773 |
0 |
|
|t Javisko
|g Roč. 33, č. 5 (2001), s. 11
|x 0323-2882
|
| 850 |
|
|
|a Slovenská národná knižnica
|
| 852 |
|
|
|a Slovenská národná knižnica
|
| 954 |
|
|
|a odborná, vedecká literatúra pôvodná (slovenská)
|2 lita
|
| 958 |
|
|
|a article19
|
| 958 |
|
|
|a OND
|
| 958 |
|
|
|a RC
|
| 958 |
|
|
|a EUIPO
|
| 992 |
|
|
|a RBX
|
| 999 |
|
|
|c 2870466
|d 2872396
|